000 00620nam a2200241Ia 4500
003 OSt
005 20221005121515.0
006 a|||||r|||| 00| 0
007 ta
008 221004b |||||||| |||| 00| 0 eng d
024 _a35155
037 _cTextual
040 _aCRL
_cCRL
_beng
041 _2eng
_aeng
082 _aZQ2:92, 152G1
100 _aJha Ganganath
245 0 _aHindu law in its sources
260 _c1931
490 _a(Patna University,Ramdin readership lectures.1928-29).
650 _aLAW
942 _hZQ2:92, 152G1
_cTEXL
_2cc
999 _c1041328
_d1041328